Hodnotenie úrovne diferenciácie miezd vybranej skupiny pracovníkov podľa zvolených kritérii záverečná práca postgraduálneho štúdia

Gespeichert in:
Bibliographische Detailangaben
1. Verfasser: Turlíková, Mária
Körperschaft: Vysoká škola ekonomická v Bratislave
Format: Buch
Sprache:Slowakisch
Veröffentlicht: Bratislava 1991
Schlagworte:
Tags: Tag hinzufügen
Keine Tags, Fügen Sie das erste Tag hinzu!

MARC

LEADER 00000nam a2200000 4500
001 c002130
005 20221214093727.7
041 0 |a slo 
044 |a SK 
245 1 0 |a Hodnotenie úrovne diferenciácie miezd vybranej skupiny pracovníkov podľa zvolených kritérii  |b záverečná práca postgraduálneho štúdia  |c Mária Turlíková 
264 1 |a Bratislava  |c 1991 
300 |a 46 s. 
610 2 0 |a diferenciácia mzdová 
610 2 0 |a mzdy 
610 2 0 |a Solivary Prešov 
610 2 0 |a odmeňovanie 
610 2 0 |a podnik štátny 
610 2 0 |a formy mzdy 
610 2 0 |a výroba 
610 2 0 |a preferencie mzdové 
610 2 0 |a platy 
610 2 0 |a tarify mzdové 
100 1 |a Turlíková, Mária 
710 2 |a Vysoká škola ekonomická v Bratislave